[Event "Tournoi Skype 015B"]
[Site "Skype"]
[Date "????.??.??"]
[Round "4.8"]
[White "Ramirez Reina, Orlando"]
[Black "Dubois, Real"]
[Result "1-0"]
[WhiteElo "1436"]
[BlackElo "1373"]
[PlyCount "111"]

1. e4 e5 2. Nf3 d6 3. d4 exd4 4. Nxd4 Nf6 5. Bg5 Be7 6. Bd3 Nbd7 7. O-O O-O 8.
Re1 b6 9. Nc3 Bb7 10. Qe2 Nc5 11. e5 Nxd3 12. cxd3 dxe5 13. Qxe5 Re8 14. Nde2
Kf8 15. Qd4 Ng8 16. Qxd8 Raxd8 17. Bxe7+ Nxe7 18. Rad1 Nc6 19. Nb5 Re7 20. a3
a6 21. Nbc3 Ne5 22. Nc1 Rde8 23. h3 Ng6 24. Rxe7 Rxe7 25. Kf1 Nf4 26. f3 Nh5
27. N1e2 c5 28. Kf2 Nf6 29. d4 cxd4 30. Rxd4 Rd7 31. Ke3 Re7+ 32. Kf2 g6 33.
Rd8+ Kg7 34. Nf4 g5 35. Nfd5 Nxd5 36. Nxd5 Bxd5 37. Rxd5 h6 38. Rd6 Rb7 39. g4
a5 40. Kg3 b5 41. h4 f6 42. Rd5 gxh4+ 43. Kxh4 Kg6 44. f4 b4 45. Rxa5 bxa3 46.
bxa3 Re7 47. f5+ Kg7 48. Ra6 Kh7 49. a4 Rg7 50. a5 Rf7 51. Re6 Kg7 52. a6 Ra7
53. Rb6 Kg8 54. Rxf6 Kg7 55. Rb6 Kf7 56. Rb7+ 1-0

[Event "Tournoi Skype 015B"]
[Site "Skype"]
[Date "????.??.??"]
[Round "4.9"]
[White "Yeter, Orhan"]
[Black "Gerbaux, Regis"]
[Result "1-0"]
[WhiteElo "1431"]
[BlackElo "1364"]
[PlyCount "31"]

1. e4 e5 2. Nf3 d6 3. d4 exd4 4. Nxd4 c5 5. Nf3 Nf6 6. Nc3 Nc6 7. Bb5 Bd7 8.
O-O g6 9. Re1 Ne5 10. Bxd7+ Qxd7 11. Nxe5 dxe5 12. Qxd7+ Nxd7 13. Nd5 Rc8 14.
a3 Rc6 15. Bd2 Nf6 16. Bc3 1-0

[Event "Tournoi Skype 015B"]
[Site "Skype"]
[Date "????.??.??"]
[Round "4.10"]
[White "Capdeville, Jean"]
[Black "Aceituno, Stebe"]
[Result "0-1"]
[WhiteElo "1330"]
[BlackElo "1399"]
[PlyCount "78"]

1. e4 c5 2. c4 Nc6 3. Nf3 d6 4. h3 Nf6 5. d3 e5 6. Nc3 Be7 7. Be2 Nd4 8. Nxd4
cxd4 9. Nd5 Nxd5 10. cxd5 O-O 11. O-O Bd7 12. Bd2 Rc8 13. a3 a5 14. b4 a4 15.
Rc1 Rxc1 16. Qxc1 b5 17. Qb2 Qb6 18. Rc1 f5 19. Bf3 f4 20. Kh2 Qb7 21. Qc2 Rc8
22. Qd1 Rxc1 23. Qxc1 h6 24. Qd1 Qc8 25. Qc1 Qxc1 26. Bxc1 Bh4 27. Kg1 Be8 28.
Bd2 g6 29. Be1 Kg7 30. Kh2 h5 31. g3 Bg5 32. Bg2 fxg3+ 33. fxg3 Bd7 34. Bf3 Bc1
35. g4 hxg4 36. Bxg4 Bxg4 37. hxg4 Bxa3 38. Kh3 Bc1 39. Kh4 a3 0-1

[Event "Tournoi Skype 015B"]
[Site "Skype"]
[Date "????.??.??"]
[Round "4.12"]
[White "Ruiz Gomez, Luz Alba"]
[Black "Guillen Andrinal, Pablo"]
[Result "1/2-1/2"]
[WhiteElo "1221"]
[BlackElo "1399"]
[PlyCount "46"]

1. d4 d5 2. c4 e5 3. dxe5 dxc4 4. Qxd8+ Kxd8 5. Nf3 f6 6. e3 Nc6 7. exf6 Nxf6
8. Bxc4 Bg4 9. Be2 Bb4+ 10. Bd2 Bxd2+ 11. Nbxd2 Nb4 12. O-O Ke7 13. h3 Rhd8 14.
Nc4 Bxf3 15. Bxf3 Rab8 16. Rfe1 Nc2 17. Rad1 Nxe1 18. Rxe1 Rd3 19. Ne5 Rd2 20.
Nc4 Rc2 21. Be2 b5 22. Bd3 bxc4 23. Bxc2 Rxb2 1/2-1/2

[Event "Tournoi Skype 015B"]
[Site "Skype"]
[Date "????.??.??"]
[Round "4.14"]
[White "Lemoine, Gerard"]
[Black "Rochette, Mathieu"]
[Result "0-1"]
[WhiteElo "1170"]
[BlackElo "1399"]
[PlyCount "94"]

1. d4 d5 2. f4 Nf6 3. Nf3 g6 4. e3 Bg7 5. Bd3 O-O 6. O-O Nc6 7. c3 a6 8. Nbd2
Ng4 9. Qe2 e6 10. Ne5 f5 11. Ndf3 Bh6 12. h3 Nf6 13. Nxc6 bxc6 14. Ne5 Qd6 15.
g4 c5 16. g5 Bg7 17. gxf6 Bxf6 18. Bd2 cxd4 19. exd4 a5 20. Bc2 Ba6 21. Bd3
Rfd8 22. Rf3 Qb6 23. Rb1 c5 24. Be3 c4 25. Bc2 a4 26. Bxa4 Bb5 27. Bc2 Rxa2 28.
Rf2 Qa7 29. Qd1 Qg7 30. b4 cxb3 31. Rxb3 Ba4 32. Rb6 g5 33. Bxa4 gxf4+ 34. Kf1
Rxf2+ 35. Bxf2 Bxe5 36. Bh4 Bf6 37. Bxf6 Qxf6 38. Qf3 Ra8 39. Bc6 Ra1+ 40. Kg2
Qg5+ 41. Kf2 Qh4+ 42. Ke2 Qe1+ 43. Kd3 Rd1+ 44. Kc2 Rc1+ 45. Kb3 Rb1+ 46. Kc2
Qc1+ 47. Kd3 Rxb6 0-1

[Event "Tournoi Skype 015B"]
[Site "Skype"]
[Date "????.??.??"]
[Round "4.15"]
[White "Milanese, Serge"]
[Black "Karia, Kirti"]
[Result "1-0"]
[WhiteElo "1397"]
[BlackElo "1311"]
[PlyCount "31"]

1. e4 e5 2. Nf3 Nc6 3. Bc4 Nd4 4. Nxe5 Qg5 5. d3 Qxg2 6. Rf1 Nh6 7. Bxh6 gxh6
8. Qh5 Nxc2+ 9. Ke2 d5 10. Qxf7+ Kd8 11. Qxd5+ Bd6 12. Nf7+ Ke7 13. Nxh8 Bg4+
14. Kd2 Be6 15. Qxe6+ Kd8 16. Nf7# 1-0

[Event "Tournoi Skype 015B"]
[Site "Skype"]
[Date "????.??.??"]
[Round "4.17"]
[White "Briere, Jean"]
[Black "Tripathi, Rajnikant"]
[Result "1-0"]
[WhiteElo "1455"]
[BlackElo "1564"]
[PlyCount "41"]

1. e4 d5 2. exd5 Qxd5 3. Nc3 Qa5 4. d4 c6 5. Nf3 Bf5 6. Bd3 Bxd3 7. Qxd3 e6 8.
Bd2 Nd7 9. O-O Be7 10. Rfe1 Qc7 11. Ne5 O-O-O 12. Nxf7 Rf8 13. Nxh8 Ngf6 14.
Rxe6 Bd6 15. g3 Ng4 16. Rae1 Ndf6 17. Ne4 Be7 18. Nxf6 Nxf2 19. Kxf2 Rxf6+ 20.
Rxf6 gxf6 21. Qxh7 1-0

[Event "Tournoi Skype 015B"]
[Site "Skype"]
[Date "????.??.??"]
[Round "4.18"]
[White "Hague, Mark"]
[Black "Mantelli, Luca"]
[Result "1-0"]
[WhiteElo "1418"]
[BlackElo "1287"]
[PlyCount "51"]

1. d4 d5 2. c4 e6 3. Nc3 Nf6 4. Bg5 Be7 5. Nf3 c6 6. Qc2 h6 7. Bf4 Nbd7 8. e4
dxe4 9. Nxe4 Nxe4 10. Qxe4 Nf6 11. Qc2 b6 12. O-O-O Bb7 13. Be2 Bd6 14. Ne5 O-O
15. Bf3 Qc7 16. h4 Nd7 17. Rhe1 f6 18. c5 Bxe5 19. dxe5 Nxe5 20. Bxe5 fxe5 21.
Rd6 Rfe8 22. Rxe5 Qe7 23. Bh5 Rf8 24. g3 bxc5 25. Rdxe6 Qf7 26. Bxf7+ 1-0

[Event "Tournoi Skype 015B"]
[Site "Skype"]
[Date "????.??.??"]
[Round "4.19"]
[White "Lequeux, Pierre"]
[Black "Talbot, Jacques"]
[Result "0-1"]
[WhiteElo "1223"]
[BlackElo "1500"]
[PlyCount "92"]

1. e4 e5 2. Nf3 d6 3. Nc3 c6 4. h3 Nf6 5. Bc4 Be7 6. Ng5 O-O 7. Be2 d5 8. d3 h6
9. Nf3 d4 10. Nb1 Bb4+ 11. c3 dxc3 12. bxc3 Bd6 13. O-O Be6 14. Nbd2 Nbd7 15.
d4 exd4 16. cxd4 Bc7 17. Ba3 Re8 18. e5 Nd5 19. Bb2 Nf8 20. Bc4 Nh7 21. Bd3 Ng5
22. Ne4 Nxe4 23. Bxe4 Ba5 24. Bb1 Nc3 25. Qc2 Nxb1 26. Qxb1 Bd5 27. Bc1 Bc3 28.
Bb2 Bxb2 29. Qxb2 b5 30. a4 a6 31. axb5 axb5 32. Rxa8 Qxa8 33. Ra1 Qb7 34. Nd2
Re6 35. f4 Rg6 36. g4 f5 37. g5 hxg5 38. Rf1 gxf4+ 39. Kf2 Qe7 40. Rg1 Qh4+ 41.
Kf1 Qxh3+ 42. Ke2 Rxg1 43. Nb3 f3+ 44. Kd3 f2+ 45. Ke2 f1=Q+ 46. Kd2 Qf2# 0-1

[Event "Tournoi Skype 015B"]
[Site "Skype"]
[Date "????.??.??"]
[Round "4.21"]
[White "Mace, Patrick"]
[Black "Alverson, Ginny"]
[Result "1-0"]
[WhiteElo "1399"]
[BlackElo "1193"]
[PlyCount "95"]

1. e4 Nf6 2. Nc3 Nc6 3. b3 e6 4. Bb2 Bc5 5. Nh3 O-O 6. Bd3 Ne5 7. Be2 d5 8. d3
d4 9. Nb5 Bd7 10. Na3 Bxa3 11. Bxa3 Re8 12. Qd2 Nfg4 13. O-O-O Qh4 14. f4 Ng6
15. Rdf1 Ne3 16. Rf2 e5 17. f5 Nf4 18. g3 Qxh3 19. gxf4 exf4 20. Rxf4 Ng2 21.
Bg4 Qh4 22. Qxg2 Qg5 23. Rhf1 h5 24. h3 hxg4 25. Bc5 b6 26. Bxd4 c5 27. Be3
Rac8 28. hxg4 Qf6 29. Qh3 Qa1+ 30. Kd2 Qe5 31. Rh1 f6 32. Qh7+ Kf7 33. Qg6+ Ke7
34. Rh7 Kd8 35. Qxg7 Rc7 36. Qg6 c4 37. d4 c3+ 38. Kc1 Qd6 39. d5 Qa3+ 40. Kd1
Rf8 41. Rf3 Bb5 42. Rxc7 Kxc7 43. Bf4+ Kb7 44. Rxc3 Qb2 45. Qg7+ Ka6 46. Rc7
Qb1+ 47. Kd2 Rb8 48. Rxa7# 1-0

[Event "Tournoi Skype 015B"]
[Site "Skype"]
[Date "????.??.??"]
[Round "4.22"]
[White "Vincent, Andre"]
[Black "Paquay, Renaud"]
[Result "1-0"]
[WhiteElo "1386"]
[BlackElo "1187"]
[PlyCount "91"]

1. d4 d5 2. c4 dxc4 3. Nc3 Bf5 4. e3 Nf6 5. Bxc4 e6 6. Nge2 c5 7. dxc5 Qxd1+ 8.
Nxd1 Bxc5 9. Ndc3 O-O 10. O-O Rd8 11. Rd1 Nc6 12. Rxd8+ Rxd8 13. Ng3 Bb4 14.
Nxf5 Bxc3 15. bxc3 Rd1+ 16. Bf1 exf5 17. f3 Ne5 18. Bb2 Rd2 19. Ba3 Nc4 20.
Bxc4 h5 21. Be7 Nd7 22. a4 Nb6 23. Bb3 Rb2 24. Bd1 Nd5 25. Bc5 Nxc3 26. Bd4
Ne2+ 27. Bxe2 Rxe2 28. Bxa7 g5 29. Kf1 Rc2 30. a5 Kg7 31. Kg1 Re2 32. h3 Kg6
33. Rb1 Ra2 34. Bb6 g4 35. hxg4 hxg4 36. g3 gxf3 37. Rf1 Rg2+ 38. Kh1 Rxg3 39.
Rf2 Kh5 40. Rh2+ Kg4 41. Bc7 f2 42. Rxf2 Rh3+ 43. Rh2 Rxe3 44. Bb6 Kg3 45. Bxe3
Kf3 46. Rh3+ 1-0

[Event "Tournoi Skype 015B"]
[Site "Skype"]
[Date "????.??.??"]
[Round "4.23"]
[White "Farfallini, Michel"]
[Black "Melin, Christiane"]
[Result "1-0"]
[WhiteElo "1320"]
[BlackElo "1174"]
[PlyCount "41"]

1. e4 g6 2. Nf3 Bg7 3. d4 Nf6 4. Nc3 O-O 5. e5 Ne8 6. Bc4 d6 7. O-O c5 8. dxc5
Nd7 9. e6 Ndf6 10. exf7+ Kh8 11. fxe8=Q Rxe8 12. Ng5 Bh6 13. Nf7+ Kg7 14. Nxd8
Rxd8 15. Bxh6+ Kxh6 16. Re1 Bg4 17. Qd3 dxc5 18. Qe3+ Kh5 19. Qe5+ g5 20. f4
Nd7 21. Qxg5# 1-0

[Event "Tournoi Skype 015B"]
[Site "Skype"]
[Date "????.??.??"]
[Round "4.24"]
[White "Armingaud, Jean-Claude"]
[Black "Lecluyse, Koenraad"]
[Result "0-1"]
[WhiteElo "1198"]
[BlackElo "1305"]
[PlyCount "74"]

1. c4 c5 2. e3 e5 3. Bd3 Nf6 4. Nf3 d6 5. O-O Bg4 6. h3 Bh5 7. Qb3 b6 8. Qb5+
Nbd7 9. b4 Bxf3 10. gxf3 Be7 11. bxc5 bxc5 12. Bf5 O-O 13. Bxd7 Nxd7 14. Bb2
Rb8 15. Qa4 Rxb2 16. Qxa7 Bh4 17. f4 exf4 18. exf4 Re8 19. Rd1 Re2 20. f3 Rf2
21. Rf1 Re2 22. a4 Rb8 23. Nc3 Rxd2 24. Ne4 Rd4 25. Rfe1 Bxe1 26. Rxe1 Rxc4 27.
Nxd6 Rxf4 28. Kf2 Nf6 29. Qxc5 Nh5 30. a5 Qh4+ 31. Ke2 g6 32. Qc7 Ng3+ 33. Kd3
Rxf3+ 34. Kd2 Rb2+ 35. Kc1 Ra2 36. Re8+ Kg7 37. Qb6 Rf1+ 0-1

[Event "Tournoi Skype 015B"]
[Site "Skype"]
[Date "????.??.??"]
[Round "4.26"]
[White "Vervoort, Jean-Louis"]
[Black "Kruk, Clementine"]
[Result "1/2-1/2"]
[WhiteElo "1304"]
[BlackElo "1035"]
[PlyCount "129"]

1. d4 d5 2. c4 e6 3. Nc3 Nf6 4. Nf3 Bb4 5. Bg5 Nc6 6. e3 h6 7. Bxf6 Qxf6 8.
cxd5 exd5 9. Bb5 Bd7 10. Bxc6 Bxc3+ 11. bxc3 Qxc6 12. Qc2 Qa4 13. Qb2 Qb5 14.
Rb1 Qxb2 15. Rxb2 b5 16. O-O a5 17. Rfb1 Bf5 18. Re1 Bd3 19. Ne5 Bc4 20. e4 Rd8
21. exd5 O-O 22. Nxc4 bxc4 23. Re5 Rde8 24. Rb7 f6 25. Rxe8 Rxe8 26. Kf1 Kf7
27. Rxc7+ Kg6 28. d6 Rd8 29. d7 Kf7 30. Rxc4 Rxd7 31. Ra4 Rd5 32. Ke2 Ke6 33.
Kd3 Rb5 34. Kc4 Rb2 35. d5+ Ke5 36. Rxa5 Rxf2 37. Kc5 Rxg2 38. d6 Ke6 39. Ra7
Rd2 40. d7 Rxd7 41. Rxd7 Kxd7 42. a4 Kc7 43. a5 Kb7 44. Kb5 g5 45. a6+ Ka7 46.
c4 f5 47. c5 f4 48. c6 f3 49. c7 f2 50. c8=Q f1=Q+ 51. Ka5 Qb1 52. Qc7+ Ka8 53.
a7 Qb7 54. Qxb7+ Kxb7 55. Kb4 Kxa7 56. Kc4 Kb6 57. Kd3 Kc5 58. Ke3 Kd5 59. Kf3
Ke5 60. Kg4 Kf6 61. Kh5 Kg7 62. h3 Kh7 63. h4 Kg7 64. hxg5 hxg5 65. Kxg5
1/2-1/2

[Event "Tournoi Skype 015B"]
[Site "Skype"]
[Date "????.??.??"]
[Round "4.27"]
[White "Coude, Josue"]
[Black "Picard, Mario"]
[Result "0-1"]
[WhiteElo "1081"]
[BlackElo "1282"]
[PlyCount "54"]

1. e4 e5 2. Nf3 Nc6 3. Bc4 h6 4. d3 Nf6 5. b3 Be7 6. Bb2 d5 7. Bb5 a6 8. Bxc6+
bxc6 9. Nxe5 Bb7 10. O-O dxe4 11. dxe4 Qxd1 12. Rxd1 O-O 13. Nc3 Bb4 14. f3 Bd6
15. Ne2 Rfe8 16. f4 Nxe4 17. Ng3 Bc5+ 18. Kh1 Nf2+ 19. Kg1 Nxd1+ 20. Kh1 Nf2+
21. Kg1 Ng4+ 22. Kh1 Ne3 23. c3 Rad8 24. b4 Nd1 25. Bc1 Nxc3 26. bxc5 Rd1+ 27.
Nf1 Rxf1# 0-1

[Event "Tournoi Skype 015B"]
[Site "Skype"]
[Date "????.??.??"]
[Round "4.28"]
[White "Rival, Jocelyn"]
[Black "Douichi, Mohammed"]
[Result "0-1"]
[WhiteElo "1077"]
[BlackElo "1240"]
[PlyCount "86"]

1. c4 d6 2. Nc3 Be6 3. d3 Nf6 4. g3 d5 5. Bg2 c6 6. Nf3 dxc4 7. O-O Bd5 8. Bf4
e6 9. Bxb8 Rxb8 10. e4 Bc5 11. Ne5 O-O 12. Nxc4 Bxc4 13. dxc4 Bd4 14. Qd2 e5
15. Rad1 h6 16. a3 Qb6 17. b4 Rfe8 18. b5 Qc5 19. Na4 Qxc4 20. Nb2 Qxb5 21. Qb4
Bxb2 22. Rd2 Bxa3 23. Qxa3 a6 24. Qd6 Rbd8 25. Qd3 Rxd3 26. Rxd3 Rd8 27. Rxd8+
Kh7 28. Rfd1 Qb4 29. R1d7 Nxd7 30. Rxd7 f6 31. Bh3 b5 32. Bf5+ Kg8 33. Bg6 Qf8
34. f3 b4 35. Rb7 a5 36. Rb6 c5 37. Re6 a4 38. Rc6 b3 39. f4 b2 40. Rb6 a3 41.
fxe5 fxe5 42. Rb3 c4 43. Rxa3 Qxa3 0-1

[Event "Tournoi Skype 015B"]
[Site "Skype"]
[Date "????.??.??"]
[Round "4.29"]
[White "Talbot, Jean"]
[Black "Bilsel, Sebahittin"]
[Result "0-1"]
[WhiteElo "1041"]
[BlackElo "1236"]
[PlyCount "78"]

1. e4 e5 2. Nf3 Nc6 3. Nc3 Nf6 4. Bc4 Bc5 5. O-O d6 6. d3 O-O 7. Re1 Ng4 8. Be3
Nxe3 9. fxe3 Bg4 10. h3 Bxf3 11. Qxf3 Nb4 12. a3 Nxc2 13. Rf1 Bxe3+ 14. Kh1
Nxa1 15. Bxf7+ Kh8 16. Qxe3 Nc2 17. Qd2 Nd4 18. Nd5 c6 19. Nc3 Qe7 20. Qf2 Qd7
21. g4 d5 22. exd5 cxd5 23. Kg2 Ne6 24. Bxe6 Rxf2+ 25. Rxf2 Qxe6 26. Kg3 d4 27.
Ne4 Rc8 28. Ng5 Qg6 29. h4 Qxd3+ 30. Rf3 Qb1 31. h5 Qg1+ 32. Kh4 h6 33. Nf7+
Kh7 34. g5 Qh1+ 35. Rh3 Qe4+ 36. Kg3 Qd3+ 37. Kg4 Qe2+ 38. Rf3 Kg8 39. gxh6 Rf8
0-1

[Event "Tournoi Skype 015B"]
[Site "Skype"]
[Date "????.??.??"]
[Round "4.30"]
[White "Farthouat, Catherine"]
[Black "Tamditi, Ibrahim"]
[Result "0-1"]
[WhiteElo "1039"]
[BlackElo "1430"]
[PlyCount "44"]

1. e4 e5 2. Nf3 Nc6 3. Bb5 Nf6 4. d3 Bc5 5. O-O O-O 6. Bxc6 dxc6 7. Nxe5 Bd6 8.
Nf3 c5 9. h3 h6 10. e5 Bxe5 11. Nxe5 Re8 12. Re1 Qd6 13. Bf4 Nd5 14. Qf3 Nb4
15. Rc1 f6 16. Nc4 Qd4 17. c3 Qxd3 18. Qxd3 Nxd3 19. Rc2 Nxf4 20. Nbd2 Re2 21.
Nf3 Rxc2 22. Re1 b5 0-1

[Event "Tournoi Skype 015B"]
[Site "Skype"]
[Date "????.??.??"]
[Round "4.31"]
[White "Moumtaz, Abderrahim"]
[Black "Baker, Abi"]
[Result "0-1"]
[WhiteElo "1399"]
[BlackElo "1072"]
[PlyCount "68"]

1. e4 e6 2. d4 d5 3. Nc3 c5 4. Be3 Nc6 5. Nf3 Qb6 6. Rb1 g6 7. Bb5 Bg7 8. O-O
Nge7 9. e5 f6 10. Bf4 cxd4 11. Nxd4 fxe5 12. Bxe5 Bxe5 13. Bxc6+ bxc6 14. Nf3
Bb8 15. Qd4 e5 16. Qh4 Nf5 17. Qg5 e4 18. Rfe1 a5 19. b4 axb4 20. a3 Rxa3 21.
Ne2 e3 22. Ned4 c5 23. Nxf5 gxf5 24. fxe3 c4 25. Qh5+ Qg6 26. Qxg6+ hxg6 27.
Ne5 Bxe5 28. Rbd1 Bxh2+ 29. Kf2 Bb7 30. Rh1 b3 31. cxb3 Ra2+ 32. Kf3 d4+ 33. e4
fxe4+ 34. Kg4 Rxg2# 0-1

[Event "Tournoi Skype 015B"]
[Site "Skype"]
[Date "????.??.??"]
[Round "4.32"]
[White "Marty, Yvette"]
[Black "Vitale, Maxi"]
[Result "0-1"]
[WhiteElo "1000"]
[BlackElo "1215"]
[PlyCount "44"]

1. e4 c5 2. Nf3 Nc6 3. c3 d6 4. Bc4 e6 5. d4 Nf6 6. Nbd2 h6 7. d5 exd5 8. Qe2
dxc4 9. e5 dxe5 10. Ne4 b5 11. O-O Be7 12. Nxf6+ Bxf6 13. b3 Be6 14. Bb2 O-O
15. bxc4 bxc4 16. Rab1 Qd6 17. Rbd1 Qe7 18. Rb1 Rac8 19. a4 Bd5 20. h3 Qd6 21.
Bc1 Rfe8 22. Be3 e4 0-1

[Event "Tournoi Skype 015B"]
[Site "Skype"]
[Date "????.??.??"]
[Round "4.33"]
[White "Martin, Elise"]
[Black "Gagnon, Sindy"]
[Result "1-0"]
[WhiteElo "1130"]
[BlackElo "1049"]
[PlyCount "35"]

1. e4 e5 2. Nf3 d6 3. d3 Nf6 4. Bg5 Be7 5. Nc3 O-O 6. Be2 Be6 7. d4 exd4 8.
Nxd4 Bc8 9. Qd3 c5 10. Nf3 Qa5 11. O-O Nc6 12. h3 Nb4 13. Qd2 Re8 14. e5 dxe5
15. Nxe5 h6 16. Bxh6 Qc7 17. Qg5 Kf8 18. Qxg7# 1-0

[Event "Tournoi Skype 015B"]
[Site "Skype"]
[Date "????.??.??"]
[Round "5.1"]
[White "Rugman, Dan"]
[Black "Gharbi, Said"]
[Result "1-0"]
[WhiteElo "1320"]
[BlackElo "1365"]
[PlyCount "59"]

1. e4 e5 2. Nf3 Nf6 3. Nxe5 d6 4. Nf3 Nxe4 5. d4 Be7 6. Bd3 Bf5 7. O-O O-O 8.
Re1 d5 9. c4 c6 10. Nc3 Nxc3 11. bxc3 Bxd3 12. Qxd3 Re8 13. cxd5 cxd5 14. Rb1
b6 15. Qb5 Qd7 16. Re5 Qxb5 17. Rxb5 Na6 18. Rbxd5 Nc7 19. Rd7 Bd8 20. Ba3 Rxe5
21. Nxe5 Nb5 22. Bb2 a5 23. Nc6 Bg5 24. c4 Rc8 25. cxb5 Re8 26. Kf1 Bd2 27. Re7
Rc8 28. d5 Bg5 29. d6 Bxe7 30. Nxe7+ 1-0

[Event "Tournoi Skype 015B"]
[Site "Skype"]
[Date "????.??.??"]
[Round "5.2"]
[White "Sepulveda, Lyda Marcela"]
[Black "Vello, Pablo"]
[Result "0-1"]
[WhiteElo "1183"]
[BlackElo "1324"]
[PlyCount "74"]

1. e4 c5 2. Nf3 d6 3. d4 cxd4 4. Nxd4 Nc6 5. Bb5 Bd7 6. Nc3 g6 7. Be3 Bg7 8.
Qd2 a6 9. Be2 Nf6 10. f3 e5 11. Nb3 O-O 12. h4 Nh5 13. Bf2 Qe7 14. Nd5 Qe6 15.
Bc4 Qe8 16. Nc7 Qe7 17. Nxa8 Rxa8 18. g4 Nf4 19. Be3 Ng2+ 20. Qxg2 Rc8 21.
O-O-O Nb4 22. Nd2 Nxa2+ 23. Bxa2 Bb5 24. Nf1 Qc7 25. Rd2 Qa5 26. Kb1 Bf6 27. h5
g5 28. Ng3 Rxc2 29. Rc1 Rxc1+ 30. Kxc1 Qxa2 31. h6 Qa1+ 32. Kc2 Qa2 33. Nh5 Be7
34. Qf2 Qc4+ 35. Kd1 Ba4+ 36. Ke1 Qc1+ 37. Rd1 Qxd1# 0-1

[Event "Tournoi Skype 015B"]
[Site "Skype"]
[Date "????.??.??"]
[Round "5.3"]
[White "Rajpurohit, Dinesh"]
[Black "Rivas, Jonathan"]
[Result "1-0"]
[WhiteElo "1574"]
[BlackElo "1399"]
[PlyCount "77"]

1. c4 c5 2. Nc3 d6 3. Nf3 Nc6 4. d4 Nxd4 5. Nxd4 cxd4 6. Qxd4 Nf6 7. Bg5 e5 8.
Qd1 Be7 9. e3 Bd7 10. Bd3 Bc6 11. O-O O-O 12. Qc2 g6 13. Rad1 Qd7 14. Bxf6 Bxf6
15. Be4 Bxe4 16. Qxe4 Rac8 17. b3 Rfd8 18. Nb5 Qc6 19. Rd5 a6 20. Na7 Qc7 21.
Nxc8 Rxc8 22. Rfd1 Be7 23. h3 b6 24. f4 f6 25. fxe5 fxe5 26. Qg4 Rf8 27. Qe6+
Kh8 28. Rxd6 Bxd6 29. Rxd6 Qg7 30. Rd7 Qf6 31. Qxf6+ Rxf6 32. Re7 Rd6 33. Rxe5
Rd2 34. Re6 Rxa2 35. Rxb6 a5 36. c5 Rd2 37. c6 Rd6 38. Rb8+ Kg7 39. c7 1-0

[Event "Tournoi Skype 015B"]
[Site "Skype"]
[Date "????.??.??"]
[Round "5.4"]
[White "Hernandez, George"]
[Black "Perrone, Gabriel Lorenzo"]
[Result "1-0"]
[WhiteElo "1466"]
[BlackElo "1385"]
[PlyCount "109"]

1. e4 d6 2. Nf3 g6 3. Bc4 Bg7 4. d4 Nf6 5. O-O Nxe4 6. Nc3 Nf6 7. Re1 O-O 8.
Nd5 Nxd5 9. Bxd5 c6 10. Bb3 Re8 11. Ng5 e6 12. Qf3 Bf6 13. h4 Bd7 14. Ne4 Bxd4
15. Bg5 Qb6 16. Nf6+ Bxf6 17. Qxf6 Qd8 18. Qxd8 Rxd8 19. Bxd8 Na6 20. Bf6 Nc5
21. Bc4 d5 22. Bf1 Be8 23. c4 Nd7 24. Be7 Kg7 25. g4 Nb6 26. cxd5 cxd5 27. g5
Bc6 28. f4 Nd7 29. Kh2 Re8 30. Bd6 Rh8 31. Bb4 Re8 32. Bc3+ Kg8 33. Rad1 a6 34.
Bg2 h6 35. Bxd5 Nb6 36. Bxc6 bxc6 37. gxh6 Na4 38. Bf6 Rb8 39. h5 Kh7 40. hxg6+
Kxg6 41. Bg7 Nxb2 42. Rb1 a5 43. a4 Rb4 44. Rg1+ Kh7 45. Rxb2 Rxf4 46. Ra1 Rh4+
47. Kg3 Rh5 48. Rb7 Rg5+ 49. Kf4 Rf5+ 50. Ke4 Rd5 51. Rxf7 Kg6 52. Rg1+ Kxf7
53. h7 Rh5 54. h8=Q Rxh8 55. Bxh8 1-0

[Event "Tournoi Skype 015B"]
[Site "Skype"]
[Date "????.??.??"]
[Round "5.5"]
[White "De Coninck, Philippe"]
[Black "Milanese, Serge"]
[Result "1-0"]
[WhiteElo "1462"]
[BlackElo "1397"]
[PlyCount "69"]

1. e4 e5 2. f4 Nc6 3. Nf3 Nf6 4. Nc3 Be7 5. fxe5 Ng4 6. d4 d6 7. Bb5 O-O 8.
Bxc6 bxc6 9. O-O Be6 10. d5 cxd5 11. exd5 Bc8 12. Nd4 Nxe5 13. Bf4 Bf6 14. Bxe5
Bxe5 15. Nf3 Bf6 16. Nd4 Bd7 17. Ne4 Be5 18. g3 c5 19. dxc6 Bxc6 20. Nxc6 Qb6+
21. Kg2 Qxc6 22. Qf3 d5 23. Nc3 Rad8 24. Rad1 Qb7 25. Nxd5 Qxb2 26. Ne7+ Kh8
27. Rxd8 Rxd8 28. Qxf7 Qxc2+ 29. Kh3 h6 30. Ng6+ Kh7 31. Nxe5 Rd2 32. Ng4 Qxa2
33. Nf6+ Kh8 34. Qf8+ Qg8 35. Qxg8# 1-0

[Event "Tournoi Skype 015B"]
[Site "Skype"]
[Date "????.??.??"]
[Round "5.6"]
[White "Duthoit, Bernard"]
[Black "Farthouat, Titoine"]
[Result "1-0"]
[WhiteElo "1447"]
[BlackElo "1357"]
[PlyCount "107"]

1. e4 e6 2. d4 d5 3. exd5 exd5 4. Nf3 Bg4 5. Be2 Nf6 6. Nc3 Nc6 7. O-O Bb4 8.
a3 Bxc3 9. bxc3 O-O 10. Rb1 b6 11. Bb5 Qd6 12. Qd3 Rfe8 13. Bf4 Qd7 14. Bxc6
Qxc6 15. Ne5 Qe6 16. Rfe1 Nh5 17. Bd2 Bf5 18. Qf3 Bxc2 19. Rbc1 Bg6 20. Nxg6
Qxg6 21. Qxd5 Qd6 22. Qxh5 Qxa3 23. Rxe8+ Rxe8 24. Qb5 Re7 25. h3 Qa2 26. Be3
h6 27. Qc6 Qe2 28. Qa8+ Kh7 29. Qxa7 Rxe3 30. fxe3 Qxe3+ 31. Kh2 Qxc1 32. Qxc7
f6 33. d5 Qd2 34. d6 Qf4+ 35. Kg1 Kg8 36. Qb8+ Kf7 37. Qc7+ Ke6 38. Qe7+ Kf5
39. d7 Qc1+ 40. Kf2 Qf4+ 41. Ke2 Qc4+ 42. Kd2 Qd5+ 43. Kc1 Qb7 44. d8=Q Qxe7
45. Qxe7 g5 46. Qb4 h5 47. Qxb6 h4 48. c4 Kg6 49. c5 Kh5 50. Qxf6 g4 51. hxg4+
Kxg4 52. c6 Kg3 53. c7 Kxg2 54. Qxh4 1-0

[Event "Tournoi Skype 015B"]
[Site "Skype"]
[Date "????.??.??"]
[Round "5.8"]
[White "Coruble, Didier"]
[Black "Yeter, Orhan"]
[Result "1-0"]
[WhiteElo "1288"]
[BlackElo "1431"]
[PlyCount "107"]

1. e4 d5 2. exd5 Qxd5 3. Nc3 Qe5+ 4. Be2 Nc6 5. Nf3 Qa5 6. O-O Bf5 7. d4 O-O-O
8. Bd2 Nf6 9. Nb5 Qb6 10. a4 Nxd4 11. Nfxd4 a5 12. b4 axb4 13. a5 Qa6 14. Nd6+
Qxd6 15. Nb5 Qxd2 16. Qxd2 Rxd2 17. Bd3 Bxd3 18. cxd3 Kb8 19. a6 bxa6 20. Rxa6
e5 21. h3 Bc5 22. Rfa1 Bxf2+ 23. Kh2 Kb7 24. R6a4 Bd4 25. Nxd4 exd4 26. Ra7+
Kc6 27. R1a6+ Kd7 28. Rb7 Nd5 29. Rb5 Nf4 30. Kg3 Nxg2 31. Rd5+ Kc8 32. Ra8+
Kb7 33. Rxh8 Kc6 34. Rxd4 Ne3 35. Rxb4 Nf5+ 36. Kf4 Rf2+ 37. Ke4 Nd6+ 38. Ke3
Rh2 39. Rxh7 g5 40. Rh6 g4 41. Rxg4 Kd7 42. Rf4 Ke7 43. d4 Nc4+ 44. Kd3 Nb2+
45. Kc3 Nd1+ 46. Kc4 Ne3+ 47. Kb3 Kf8 48. Rh7 f5 49. Rf3 Re2 50. Rxc7 Re1 51.
h4 Rb1+ 52. Ka2 Re1 53. Rf2 Rd1 54. Rb2 1-0

[Event "Tournoi Skype 015B"]
[Site "Skype"]
[Date "????.??.??"]
[Round "5.9"]
[White "Aceituno, Stebe"]
[Black "Martin, Jean-Claude"]
[Result "1-0"]
[WhiteElo "1399"]
[BlackElo "1340"]
[PlyCount "55"]

1. e4 e5 2. Nf3 Nc6 3. Bc4 Bc5 4. O-O h6 5. c3 Nf6 6. d4 exd4 7. cxd4 Bb4 8. a3
Be7 9. Nc3 d6 10. h3 O-O 11. Be3 a6 12. Bf4 Na5 13. Ba2 b5 14. Re1 Bb7 15. d5
c6 16. b4 Nc4 17. dxc6 Bxc6 18. Bxc4 bxc4 19. Qc2 d5 20. exd5 Nxd5 21. Nxd5
Bxd5 22. Rad1 Re8 23. Re5 Qc7 24. Rdxd5 Rad8 25. Qe4 Rxd5 26. Qxd5 Rd8 27. Qe4
Qd7 28. Rxe7 1-0

[Event "Tournoi Skype 015B"]
[Site "Skype"]
[Date "????.??.??"]
[Round "5.10"]
[White "Cengiz, Cem"]
[Black "Briere, Jean"]
[Result "0-1"]
[WhiteElo "1225"]
[BlackElo "1455"]
[PlyCount "72"]

1. e4 e5 2. Nf3 Nc6 3. d4 exd4 4. Nxd4 Bc5 5. Nxc6 dxc6 6. Qxd8+ Kxd8 7. Bg5+
Be7 8. Bf4 Nf6 9. Nc3 Be6 10. O-O-O+ Kc8 11. Be2 b6 12. Ba6+ Kb8 13. f3 Nd7 14.
Rd2 Nc5 15. Be2 Kb7 16. Be5 f6 17. Bd4 Rad8 18. Be3 Rxd2 19. Bxd2 Rd8 20. Re1
Bd6 21. g3 Be5 22. Bf1 Bxc3 23. Bxc3 Bxa2 24. b3 Nxb3+ 25. cxb3 Bxb3 26. e5
fxe5 27. Bxe5 g6 28. Bf4 Rd7 29. Bh3 Rd8 30. Bg5 Rf8 31. Bg2 Bd5 32. Re3 Rf7
33. Kb2 b5 34. Re7 a5 35. Rxf7 Bxf7 36. Bd2 Kb6 0-1